Welcome to the Holygrace Academy Library

Please use search bar below to get started

GREAT SPORTS PERSONS (Record no. 6859)

MARC details
000 -LEADER
fixed length control field 00312nam a22001337a 4500
020 ## - INTERNATIONAL STANDARD BOOK NUMBER
ISBN 978-93-537815-7-6
082 ## - DEWEY DECIMAL CLASSIFICATION NUMBER
Classification number 001
Item number BOO/G
100 ## - MAIN ENTRY--AUTHOR NAME
Personal name BOOK FORD
245 ## - TITLE STATEMENT
Title GREAT SPORTS PERSONS
Remainder of title SHORT BIOGRAPHY
260 ## - PUBLICATION, DISTRIBUTION, ETC. (IMPRINT)
Place of publication NEW DELHI
Name of publisher BOOK FORD PUBLICATIONS
300 ## - PHYSICAL DESCRIPTION
Number of Pages 48
520 ## - SUMMARY, ETC.
Summary, etc GREAT PERSONS
942 ## - ADDED ENTRY ELEMENTS (KOHA)
Koha item type Books
Holdings
Withdrawn status Lost status Collection code Home library Current library Shelving location Date acquired Source of acquisition Full call number Accession Number Koha item type
    G.K Main Library Main Library SHELF-17B-- G.K RELATED QUIZ BOOK 26/10/2023 Purchase 001 BOO/G 13021 Books